Similarities of the V4 Countries Characterised by the Business Environment Quality and Megatrends

Každá ekonomika má svoje jedinečné vlastnosti a sily, ktoré formujú a ovplyvňujú konkrétne podnikateľské prostredie. Napriek rozdielom v podmienkach, kvalite a zásahoch do podnikateľského prostredia existujú podobnosti v rámci špecifikovaných odchýlok. Na základe týchto podobností je možné určiť spo...

Descrizione completa

Salvato in:
Dettagli Bibliografici
Autore principale: Dolná, Mária, 1989-
Altri autori: Barkóciová, Miroslava, 1996-, Kuhnová, Lenka, 1989-
Natura: Capitolo di libro
Lingua:inglese
Tags: Aggiungi Tag
Nessun Tag, puoi essere il primo ad aggiungerne!!

MARC

LEADER 00000naa a2200000 4500
001 0302769
005 20240808101514.6
041 0 |a eng 
044 |a RS 
245 1 0 |a Similarities of the V4 Countries Characterised by the Business Environment Quality and Megatrends  |c Mária Dolná, Miroslava Barkóciová, Lenka Kuhnová 
520 |a Každá ekonomika má svoje jedinečné vlastnosti a sily, ktoré formujú a ovplyvňujú konkrétne podnikateľské prostredie. Napriek rozdielom v podmienkach, kvalite a zásahoch do podnikateľského prostredia existujú podobnosti v rámci špecifikovaných odchýlok. Na základe týchto podobností je možné určiť spoločné línie krajín, v rámci ktorých sa v priebehu času vyvíja ich podnikateľské prostredie a trendy. 
100 1 |a Dolná, Mária, 1989- 
700 1 |a Barkóciová, Miroslava, 1996- 
700 1 |a Kuhnová, Lenka, 1989-